[Event "84th Tata Steel Challengers 2022"]
[Site "Wijk aan Zee"]
[Date "2022.01.30"]
[Round "13.7"]
[White "Zhu, Jiner"]
[Black "Murzin, Volodar"]
[Result "0-1"]
[WhiteElo "2478"]
[BlackElo "2519"]
[Annotator "TA"]
[PlyCount "118"]
[EventDate "2022.01.15"]
[EventType "tourn"]
[EventCountry "NED"]
[SourceTitle "playchess.com"]
[Source "ChessBase"]
[SourceQuality "1"]

1. e4 c5 2. Nf3 d6 3. d4 cxd4 4. Nxd4 Nf6 5. Nc3 a6 6. Be3 e5 7. Nf3 Be7 8. Bc4 O-O 9. O-O Nc6 10. Qe2 h6 11. Rfd1 Be6 12. Bb3 Qe8 13. h3 Na5 14. Nd5 Nxb3 15. Nxf6+ Bxf6 16. axb3 Qc6 17. Qd3 b5 18. Rac1 Rfd8 19. c4 Qb7 20. Rc2 a5 21. Nd2 a4 22. bxa4 bxa4 23. Ra1 Qc6 24. Ra3 Rdb8 25. b3 Rb4 26. bxa4 Raxa4 27. Rxa4 Rxa4 28. Kh2 Bd8 29. f3 Bb6 30. Qb3 Bxe3 31. Qxe3 Ra1 32. c5 Qa4 33. Qc3 Ra3 34. Qb2 Kh7 35. Rc1 Ra2 36. Qc3 dxc5 37. Nf1 c4 38. Qxe5 Qb3 39. Qc3 Re2 40. Ng3 Qb8 41. Rf1 Qf4 42. Qc1 Rd2 43. Re1 g5 44. Kg1 Bxh3 45. Re2 Rxe2 46. Nxe2 Qxc1+ 47. Nxc1 Be6 48. Ne2 h5 49. Kf2 Kg6 50. Ke3 h4 51. Kd4 g4 52. Ke3 gxf3 53. Kxf3 Kg5 54. Nc3 Bc8 55. Nb5 Bg4+ 56. Ke3 Bd7 57. Nc3 Kg4 58. Kf2 Bc6 59. Nd1 Kf4 0-1